| 000 | 00661nam a2200241Ia 4500 | ||
|---|---|---|---|
| 003 | OSt | ||
| 005 | 20220918181303.0 | ||
| 006 | a|||||r|||| 00| 0 | ||
| 007 | ta | ||
| 008 | 220917b |||||||| |||| 00| 0 eng d | ||
| 024 | _a26,472 | ||
| 037 | _cTextual | ||
| 040 |
_aARTS _cARTS _beng |
||
| 041 |
_2eng _aeng |
||
| 082 | _aO111,1M12;g, L1 | ||
| 100 |
_aBrowning Robert _95529 |
||
| 245 | 0 | _aRing and the book edited by Richard D. Altick | |
| 260 |
_aEngland _bPenguin Books U. K. _c1971 |
||
| 300 |
_a707p. _ccm. |
||
| 650 | _aENGLISH LITERATURE | ||
| 942 |
_hO111,1M12;g, L1 _cTEXL _2CC |
||
| 999 |
_c165087 _d165087 |
||